Quess the thaï gl by its cast - Statistics

General Stats
  • This quiz has been taken 29 times
  • The average score is 6 of 10
Answer Stats
Hint Answer % Correct
Emi, Bonnie, Sing, View, Mim, Yatch, Sammy Us
96%
Namtan, Film, Ciize, Dao, Kapook, Earn Pluto
92%
Milk, Love, View, June, Ciize, Ford, Aj 23.5
88%
Namtan, Film, Milk, Love, View, Mim Girl rules
88%
Freen, Becky, Heng, Noey, Irin, Mind Gap
84%
Faye, Yoko, Ice, Marissa, Ploy, Kun Blank
80%
Engfa, Charlotte, Nudee, Chompu, Marima, Anna Show me love
44%
Pitcha, Natt, Meo-Meow, Fluke, Talay Reverse with me
36%
Lux, Prom, Mulan, An My ex's wedding
8%
Poppy, Puyfai, Ormsin, Folk, NingNing, Mew, Fern, Fahsai Be mine
0%
No matching quizzes found
Score Distribution
Percent of People with Each Score
Percentile by Number Answered
Your Score History
You have not taken this quiz